| 000 | 00432cam a2200181ua 4500 | ||
|---|---|---|---|
| 001 | 10634 | ||
| 008 | 190323n ii |||gr||||Z||||||eng | ||
| 020 | _a9788125004226 | ||
| 040 | _cMAIN | ||
| 082 | _a303.4 | ||
| 100 |
_aM N Srinivas, _eAuthor. |
||
| 245 | _aSocial change in modern india | ||
| 250 | _a1st rep. | ||
| 260 |
_aNew Delhi: _bOrient blackswan, _c2015. |
||
| 300 | _a200p. | ||
| 653 | _aSocial processes | ||
| 942 | _cBK | ||
| 999 |
_c9606 _d9606 |
||